Discrete Mathematics 5th Ed. (Record no. 21010)

MARC details
000 -LEADER
fixed length control field 00361nam a22001457a 4500
008 - FIXED-LENGTH DATA ELEMENTS--GENERAL INFORMATION
fixed length control field 241109b |||||||| |||| 00| 0 eng d
020 ## - INTERNATIONAL STANDARD BOOK NUMBER
ISBN 978-81-317-9061-8
100 ## - MAIN ENTRY--AUTHOR NAME
Personal name K. A. Ross & C. R. B. Wright
245 ## - TITLE STATEMENT
Title Discrete Mathematics 5th Ed.
250 ## - EDITION STATEMENT
Edition statement 5th Ed.
260 ## - PUBLICATION, DISTRIBUTION, ETC. (IMPRINT)
Place of publication Noida
Name of publisher Pearson Pub
Year of publication 2022
300 ## - PHYSICAL DESCRIPTION
Number of Pages 605
650 ## - SUBJECT ADDED ENTRY--TOPICAL TERM
Topical Term CSE
942 ## - ADDED ENTRY ELEMENTS (KOHA)
Source of classification or shelving scheme Dewey Decimal Classification
Koha item type Books
Holdings
Accession Number Cost, normal purchase price Bill Date Source of acquisition Price effective from Koha item type Withdrawn / writtenoff status Damaged status Not for loan Permanent Location Current Location Shelving location Date acquired Lost/ Missing status department
BE 24879 1100.00 26-10-2024 ABD Publisher 11/09/2024 Books     Not For Loan MIET Library, Jammu MIET Library, Jammu 114/2 11/09/2024   BE